[Event "Sharjah Master 2024"]
[Site "Shsrjah - Abu Dhabi"]
[Date "2024.05.14"]
[Round "1.9"]
[White "Fedoseev, Vladimir"]
[Black "Peralta, Fernando"]
[Result "1-0"]
[WhiteElo "2701"]
[BlackElo "2573"]
[PlyCount "47"]
[EventDate "2024.05.14"]
[EventCountry "UAE"]

{[%evp 10,47,22,21,36,6,32,11,14,14,9,8,46,19,32,31,55,51,142,137,254,253,245,232,245,245,267,256,256,255,331,308,339,340,341,331,340,326,384,386]} 1. c4 Nf6 2. Nc3 e6 3. e4 d5 4. e5 d4 5. exf6 dxc3 6. bxc3 Qxf6 ({RR} 6... c5 7. fxg7 Bxg7 8. Qh5 e5 9. Ne2 O-O 10. g4 Nd7 11. g5 (11. Ng3 $11) 11... e4 12. Bg2 Re8 13. O-O $1 Ne5 $1 14. Bxe4 h6 $1 15. f3 Qxg5+ 16. Qxg5 hxg5 17. d4 Nxc4 18. dxc5 Re5 19. Rd1 Bf5 20. Bxb7 Rb8 21. Ba6 {Navara,D (2689)-Nisipeanu,L (2600) Solingen GER 2024 ½-½ (88)}) 7. Bd3 Nc6 $146 ({RR} 7... Bd7 8. Be4 (8. Nf3 $14) 8... Bc6 9. Qe2 Qe5 10. Bxc6+ Nxc6 11. Nf3 Qxe2+ 12. Kxe2 O-O-O 13. d4 Na5 $2 (13... e5 $11) 14. Ne5 Re8 15. Nxf7 Rg8 16. Kd3 Bd6 17. c5 Rgf8 18. Nxd6+ cxd6 19. cxd6 Rxf2 20. Bg5 Kd7 21. Rhf1 Ref8 $1 22. Rxf2 {Herman,D (1956)-Palczert,M (2297) chess.com INT 2024 1-0}) ({RR} 7... Be7 8. Nf3 O-O 9. Qc2 h6 10. Bh7+ Kh8 11. Be4 e5 12. O-O Nc6 13. Re1 Bd6 14. Rb1 Qe6 (14... Re8 $16) 15. Bd5 $2 (15. d4 $18) 15... Qg4 16. h3 Qh5 17. d4 ({White should try} 17. c5 $1 $16 {[%mdl 512]} e4 (17... Bxc5 18. Bxc6) 18. Bxe4 Qxc5 19. d4) 17... exd4 18. cxd4 Bxh3 $2 (18... Nb4 $11 {and Black has nothing to worry.} 19. Qb3 Nxd5 20. cxd5 b6) 19. gxh3 Qxh3 {[#]} (19... Nb4 $142 20. Re5 f5) 20. Qe4 $2 (20. Ne5 $1 $18) 20... Rae8 $1 21. Qxe8 Qg4+ 22. Kf1 {Gao Rui (2534)-Abrahamyan,T (2308) chess.com INT 2024 ½-½}) 8. Be4 e5 {The position is equal.} 9. Qc2 g6 10. Rb1 Bh6 $6 {Inaccuracy. Bg7 was best.} (10... Bg7 11. Ne2) (10... Bg7 {keeps more tension.} 11. Ne2 Qe7 12. O-O Nd8 13. Re1 O-O) 11. Ne2 (11. Nf3 {is more complex.} b6 12. O-O Bf5 13. Rb5 O-O 14. Bxf5 gxf5 15. d4) 11... O-O 12. O-O Rb8 13. f4 {aiming for fxe5.} exf4 $6 {Inaccuracy. Qd6 was best.} (13... Qd6 14. d3) (13... Bf5 $14) 14. d4 $16 {[%cal Re2f4]} Bf5 $6 {Inaccuracy. Re8 was best.} (14... Re8 15. Bd3 Ne7 16. Nxf4 Qg7 17. Qf2 Bf5 18. Bxf5 Nxf5 19. g4 Bxf4 20. Bxf4) (14... Re8 $16) 15. Bxf5 $18 (15. Bxf4 Bxf4 16. Nxf4 (16. Rxf4 Bxe4 17. Rxe4 Na5 $11) 16... Bxe4 $16) 15... Qxf5 16. Qxf5 gxf5 17. Nxf4 ({Don't take} 17. Bxf4 $6 Bxf4 18. Nxf4 Na5) 17... Rfe8 18. Rb5 Ne7 19. Nh5 Bg7 $6 {Inaccuracy. Bxc1 was best.} (19... Bxc1 20. Nf6+ Kf8 21. Rxc1 Red8 22. Re1 c6 23. Rbe5 Ng8 24. Nxh7+ Kg7 25. Ng5) 20. Bf4 a6 21. Rc5 Rbc8 22. Nxg7 ({Resist} 22. Rxc7 Ng6) 22... Kxg7 23. Bxc7 ({Don't do} 23. Rxc7 Ng6 $18) 23... Nc6 24. Bb6 {Accuracy: White = 85%, Black = 40%.} 1-0

[Event "Sharjah Master 2024"]
[Site "Shsrjah - Abu Dhabi"]
[Date "2024.05.14"]
[Round "1.10"]
[White "Mchedlishvili, Mikheil"]
[Black "Sevian, Samuel"]
[Result "1/2-1/2"]
[WhiteElo "2567"]
[BlackElo "2698"]
[PlyCount "74"]
[EventDate "2024.05.14"]
[EventCountry "UAE"]

{[%evp 9,74,25,28,21,27,19,14,19,17,16,24,5,5,5,18,-6,-2,-37,-34,-35,-23,-21,-17,-16,-14,-28,-16,-16,-5,-3,21,-1,55,50,50,48,66,57,57,36,105,85,84,84,121,58,95,95,124,120,125,119,123,57,126,91,93,4,4,1,2,0,0,0,0,0,0]} 1. Nf3 d5 2. c4 e6 3. g3 Nf6 4. Bg2 dxc4 5. Qa4+ Bd7 6. Qxc4 c5 7. Ne5 Qc8 8. Qd3 Bc6 9. Nxc6 Nxc6 10. Nc3 Be7 11. Qb5 h5 $146 ({RR} 11... O-O 12. Bxc6 bxc6 13. Qa4 Rd8 14. d3 Rd4 15. Qc2 c4 16. dxc4 Rxc4 17. b3 Rc5 18. Be3 Rh5 19. f3 c5 20. Ne4 Nd5 21. Bd2 f5 (21... Nb6 $11) 22. Nf2 Bf6 23. Rc1 Bd4 24. Qd3 Qf8 25. e3 $1 {[%cal Re3d4]} Bf6 26. Qc4 {Kokoszczynski,J (2287)-Tang,D (2217) San Jose CA USA 2024 1-0 (47)}) 12. h3 O-O 13. Bxc6 (13. Qa4 {looks sharper.} Rd8 14. O-O Rd4 15. Qd1 Rd7 16. Rb1) 13... bxc6 14. Qa4 e5 15. d3 Rd8 16. Bg5 Rb8 17. Qc2 Qe6 18. Kf1 Rb4 19. a3 Rb7 20. Kg2 c4 (20... Nd5 $11 21. Bxe7 Nxe7) 21. dxc4 $1 $14 Qxc4 22. Rac1 Qe6 23. Bxf6 Bxf6 24. Na4 {And now Nc5 would win.} Rc7 $6 {Inaccuracy. Be7 was best.} (24... Be7 25. Qxc6 Qxc6+ 26. Rxc6 Rd4 27. Ra6 Rd2 28. Re1 g6 29. Kf1 Rc7 30. Ra5) (24... Be7 $14) 25. Nc5 Qd5+ 26. Ne4 Qe6 27. Nxf6+ $6 {Inaccuracy. Rhd1 was best.} (27. Rhd1 Rxd1) (27. Rhd1 $16) 27... Qxf6 $6 {Inaccuracy. gxf6 was best.} (27... gxf6 28. e3 Rd5 29. e4 Rd4 30. Rhe1 Kg7 31. b4 a5 $1 32. bxa5 c5 33. Qe2) 28. Rhd1 h4 29. g4 c5 30. Rxd8+ Qxd8 $16 {[%mdl 4096] Endgame [#] KQR-KQR} 31. Qe4 $6 {Inaccuracy. Qc4 was best.} (31. Qc4 $1) (31. Qc4 $1 $16) 31... Qd6 (31... Qd4 $14 32. Qxd4 exd4) 32. Rc3 Qd4 33. Qxd4 $6 {Inaccuracy. Qa8+ was best.} (33. Qa8+ Kh7 34. e3 Qd6 35. Qe4+ Kh6 36. Rd3 Qc6 37. Rd5 f6 38. Kg1 Qe6) (33. Qa8+ $16 Kh7 34. e3) 33... exd4 $11 {The position is equal.} 34. Rc2 Rb7 35. Rxc5 {Threatens to win with b4.} Rxb2 36. Rc8+ Kh7 37. Rc7 f6 {Accuracy: White = 67%, Black = 69%.} 1/2-1/2

[Event "Sharjah Master 2024"]
[Site "Shsrjah - Abu Dhabi"]
[Date "2024.05.14"]
[Round "1.11"]
[White "Narayanan S L"]
[Black "Sanal, Vahap"]
[Result "1/2-1/2"]
[WhiteElo "2695"]
[BlackElo "2566"]
[PlyCount "59"]
[EventDate "2024.05.14"]
[EventCountry "UAE"]

{[%evp 13,59,22,40,41,40,26,26,23,72,69,60,64,104,69,64,55,124,37,61,32,31,50,67,38,61,34,36,7,34,14,9,3,21,18,29,17,35,32,39,-15,37,32,42,-19,-18,-27,-2,0]} 1. d4 Nf6 2. c4 e6 3. Nf3 b6 4. g3 Bb7 5. Bg2 Be7 6. Nc3 Ne4 7. Bd2 Nxd2 8. Qxd2 d6 $146 ({RR} 8... d5 9. cxd5 exd5 10. Ne5 O-O 11. O-O a5 12. Rac1 Na6 13. Rfd1 Bb4 (13... c6 $16) 14. a3 Bxc3 15. Qxc3 Qd6 16. e3 f6 17. Nc6 (17. Nd3 $18 {and White stays clearly on top.}) 17... Rf7 18. Rc2 Nb8 19. Nxb8 Rxb8 20. Rdc1 Ra8 21. b4 g6 22. Qb3 Kg7 23. Rc3 {Basso,P (2507)-Garcia Palermo,C (2407) Vasto ITA 2024 1-0 (58)}) 9. Rd1 Nd7 10. Qc2 {White has an edge.} g6 11. h4 Bf6 12. h5 a6 13. Ne4 Bg7 14. d5 e5 (14... exd5 $14 15. cxd5 O-O) 15. h6 $6 {Inaccuracy. b4 was best.} (15. b4 O-O 16. hxg6 hxg6 17. Nfg5 a5 {[#]} 18. b5 $1 Bc8 19. g4 Nf6 {[#]} 20. Nxf6+ $1 Qxf6) (15. b4 $16) 15... Bf8 16. b4 Be7 $1 17. c5 {aiming for c6.} Nf6 $1 18. Nxf6+ Bxf6 19. Bh3 O-O 20. O-O a5 21. a3 axb4 22. axb4 bxc5 23. bxc5 dxc5 24. Bg2 Ba6 ({But not} 24... Bxd5 $2 25. e4 $18) 25. Rfe1 c4 26. Nd2 $6 {Inaccuracy. Rb1 was best.} (26. Rb1) 26... Bb5 27. Rb1 Rb8 28. Nxc4 (28. Ne4 $14) 28... Bxc4 $11 29. Qxc4 Bg5 30. e3 {Accuracy: White = 57%, Black = 69%.} 1/2-1/2

[Event "Sharjah Master 2024"]
[Site "Shsrjah - Abu Dhabi"]
[Date "2024.05.14"]
[Round "1.12"]
[White "Muradli, Mahammad"]
[Black "Deac, Bogdan-Daniel"]
[Result "1-0"]
[WhiteElo "2560"]
[BlackElo "2692"]
[PlyCount "171"]
[EventDate "2024.05.14"]
[EventCountry "UAE"]

{[%evp 18,171,24,11,24,13,14,2,10,6,12,5,19,21,19,13,19,8,13,10,10,3,1,-24,-21,-24,-12,-41,-42,-46,-46,-82,-90,-228,-89,-96,-112,-114,-59,-56,-51,-48,-20,-25,-23,-25,-8,-12,-3,-18,-5,-25,-9,-25,-21,-20,-1,-8,0,0,29,3,79,26,38,12,35,0,28,21,31,38,31,17,18,22,37,0,55,0,10,0,9,0,0,0,0,0,0,0,0,-11,-14,-18,0,0,0,0,5,5,5,2,4,11,15,2,82,18,136,129,138,138,140,134,136,138,149,142,159,144,140,145,147,146,139,139,145,136,137,138,122,120,125,110,149,114,145,146,146,147,147,124,138,133,162,0,285,286,485,501,29972,29989,29990,29991,29991,753]} 1. d4 Nf6 2. c4 e6 3. Nf3 d5 4. g3 Be7 5. Bg2 O-O 6. O-O dxc4 7. Qc2 a6 8. a4 Bd7 9. Qxc4 Bc6 10. Bf4 Bd6 11. Qc1 a5 ({RR} 11... Nbd7 12. Nc3 Qe7 13. a5 h6 14. Rd1 Nd5 15. Bd2 N7f6 16. Qc2 Nxc3 17. bxc3 Be4 18. Qb3 c5 19. Ne1 Bxg2 20. Nxg2 Rac8 21. Rab1 Rc7 22. Bf4 Bxf4 23. Nxf4 Rd8 24. Qa3 Nd5 25. Nxd5 Rxd5 26. e4 {Deac,B (2692)-Xu,Y (2495) chess.com INT 2024 1-0 (42)}) 12. Bg5 $146 ({RR} 12. Nc3 Bxf4 13. Qxf4 Bxf3 14. Bxf3 c6 15. Rfd1 Na6 16. e4 Nb4 17. Rd2 Qb6 18. Rad1 ({RR} 18. Re1 Rad8 19. e5 Nfd5 20. Qh4 c5 (20... h6 $11 {remains equal.}) 21. dxc5 ({Better is} 21. Ne4 $1 $16) 21... Qxc5 22. Ne4 Qe7 23. Qxe7 Nxe7 24. Rxd8 Rxd8 25. Nd6 Nd3 26. Re2 b6 27. Nc4 Rb8 28. Rd2 Nc5 29. Nxb6 g6 30. Nd7 Nxd7 31. Rxd7 Kf8 ({Black should play} 31... Nf5 $14) 32. Ra7 ({White must play} 32. Rb7 $1 $16 {[%cal Rb7b8]} Rxb7 33. Bxb7) 32... Rxb2) 18... Rad8 19. g4 Kh8 20. h4 Ng8 21. d5 cxd5 (21... Ne7 $14) 22. exd5 exd5 23. Nxd5 Nxd5 24. Rxd5 Rxd5 25. Rxd5 Qxb2 26. Rxa5 Rd8 {Yan Liu (2575)-Tarhan,A (2457) Dubai Police Officers Club, A 2024 1-0 (32)} (26... Ne7 $16 {keeps fighting.})) ({RR} 12. Nc3 Na6 13. Rd1 Bxf3 14. Bxf3 c6 15. e4 Bxf4 16. gxf4 (16. Qxf4 $14 Qb6 17. Rd2) 16... Nb4 17. Kh1 Qe7 18. e5 Nfd5 19. Rg1 Qh4 20. Rg4 $2 (20. Bxd5 $17 {might work better.} cxd5 21. f5) 20... Qxf2 21. Rg3 Nd3 22. Qb1 N3xf4 23. Qe4 Qxb2 24. Rag1 g6 $2 (24... Ng6 $1 $19 25. Ne2 Rad8) 25. Nxd5 Nxd5 26. Bg4 $2 {[%mdl 8192]} (26. Qh4 $1 $16 Qd2 27. Bxd5 exd5 28. Rh3) 26... Rae8 {Kurmangaliyeva,L (2240)-Diaz Perez,M (2461) chess.com INT 2024 0-1 (32)}) ({RR} 12. Nc3 Bxf4 13. Qxf4 Bxf3 14. Bxf3 c6 15. Rfd1 Na6 16. h4 Nb4 17. Rac1 Qe7 18. Nb1 Rfd8 19. Na3 Nbd5 20. Qd2 Nb6 21. Nc4 Nxc4 22. Rxc4 Nd7 23. Qc2 Qd6 {½-½ (23) Javakhishvili,L (2438)-Beydullayeva,G (2374) Tbilisi GEO 2024}) 12... Na6 {The position is equal.} 13. Nbd2 {[%cal Bb1d2,Bd2c4,Bc4e3][%mdl 32]} Be7 14. Rd1 Nb4 15. Nc4 Bd5 16. Nfe5 b6 17. Ne3 Bxg2 18. Kxg2 h6 19. Bxf6 Bxf6 20. N3c4 Qd5+ 21. f3 Rad8 22. e3 Qb7 23. Qc3 Qa6 24. Kf2 c5 25. dxc5 $2 {Mistake. f4 was best.} (25. f4 Rd5 26. b3 cxd4 27. exd4 b5 28. axb5 Rxb5 29. Kg1 Rd8 30. Rd2 Qa7) (25. b3 $17) 25... bxc5 $2 {Mistake. Rd5 was best.} (25... Rd5 $1 26. f4 Bxe5 27. fxe5 Rxc5 28. b3 Nc6 29. Qd3 Qa8 30. Qe4 Qb8 $1 31. Rac1) (25... Rd5 $1 $19 {[%cal Rd5c5] and Black stays clearly on top.} 26. b3 (26. cxb6 $2 Bxe5 27. Nxe5 Rc8 $19) 26... Rfd8 27. Rxd5 exd5) 26. b3 $17 Rd5 {Hoping for ...Rfd8.} 27. e4 {[#]} Rd4 $1 {[%mdl 512]} 28. Ng4 (28. Rxd4 cxd4) 28... Be7 29. Rd2 Rxd2+ 30. Qxd2 Rd8 31. Qe2 $1 Nc6 32. Rb1 Nd4 33. Qd3 Qa7 34. Qc3 Nc6 35. Nge3 Bf6 36. e5 Be7 37. Rd1 Nd4 38. Nc2 Ra8 39. Kg2 {[%cal Rc2d4]} Nc6 $6 {Inaccuracy. Rb8 was best.} (39... Rb8 40. Nxd4 cxd4 41. Qxd4 Qxd4 42. Rxd4 Rxb3 43. Nxa5 Rb2+ 44. Kh3 Bc5 45. Rd1) (39... Rb8 $1 $11 40. Nxd4 cxd4 41. Qxa5 (41. Qxd4 Qxd4 42. Rxd4 Rxb3 $14) (41. Rxd4 Rxb3 42. Rd8+ Bxd8 $11) 41... Qd7) 40. Rd3 $6 {Inaccuracy. N2a3 was best.} (40. N2a3 Rd8 41. Rxd8+ Bxd8 42. Nb5 Qd7 43. Ncd6 Bb6 44. Qe3 Nb4 45. Qe4 Nd5) 40... Rb8 41. Qd2 Qa8 42. Qe1 Qa6 (42... Rd8 $5 {[%cal Rd8d3]} 43. Qe4 Rxd3 44. Qxd3 Qb8 $11) 43. Qe4 Qc8 44. h4 h5 45. Kh3 Qc7 46. Kg2 Bf8 47. Kf1 Ne7 48. N2e3 Nc6 49. Nc2 g6 50. Ke2 Bg7 {[%cal Rg7e5]} 51. f4 Bf8 52. Kd1 Be7 53. Kc1 Nd4 54. Nxd4 cxd4 55. Qxd4 Qc6 56. Qf2 Ba3+ 57. Kc2 Bf8 58. Qf3 $36 {[%mdl 2048] White fights for an advantage.} Qc5 59. Qe3 {Black must now prevent Qxc5.} Qc6 60. Qf3 Qc5 61. Rd2 Qg1 $6 {Inaccuracy. Kg7 was best.} (61... Kg7 62. Rd7 Kg8 63. Rd1 Kg7) (61... Kg7 $11) 62. Rd1 $6 {Inaccuracy. Nd6 was best.} (62. Nd6) (62. Nd6 $1 $16) 62... Qh2+ $2 {Mistake. Qc5 was best.} (62... Qc5) (62... Qc5 $11) 63. Kb1 $16 Bc5 64. Nxa5 Kg7 65. Nc4 Bf2 66. Rd3 $1 Qg1+ 67. Ka2 Bc5 68. Rd1 Qh2+ 69. Rd2 Qg1 70. Rd1 Qh2+ 71. Rd2 Qg1 72. Qg2 Qe1 73. Rd3 Bb4 74. Qf3 Qg1 75. Qe2 Bc5 76. Nd2 Qc1 {Threatens to win with ...Qc2+.} 77. Nc4 Qg1 78. Nd6 Bb4 79. Ne4 Qc1 {aiming for ...Rc8.} 80. Qb2 Qf1 $6 {Inaccuracy. Qe1 was best.} (80... Qe1) 81. Qc2 $4 {Blunder. Rd4 was best.} (81. Rd4 $1 Qe1 {[#]} 82. Qc2 $1 Ba5 83. Rd1 Qe3 84. Qd3 Qb6 85. Rc1 Bb4 86. Nd6 Ba5) (81. Rd4 $1 $18) 81... Qe1 $4 {Blunder. Rc8 was best.} (81... Rc8 $1 82. Qxc8 Qxd3 83. Qc4 Qd1 $1 84. Kb2 Be1 85. Qc2 Qd4+ 86. Ka2 Qe3 87. Qc4) (81... Rc8 $1 $11 82. Qxc8 Qxd3) 82. Rd7 $18 {Ng5 is the strong threat.} Rf8 $6 {Inaccuracy. Rc8 was best.} (82... Rc8 83. Qxc8) (82... Rc8 {is a better defense.} 83. Qxc8 Qxe4) 83. Ng5 Kg8 $4 {[#] Checkmate is now unavoidable. Qe3 was best.} (83... Qe3 84. Nxe6+ Kg8 85. Nxf8 Bxf8 86. Rd8 Kg7 87. Rc8 Bb4 88. e6 Qxe6 89. Qb2+) (83... Kh6 $18 84. Nxf7+ Rxf7 85. Rxf7 Bc3) 84. Nxf7 $1 {[%cal Rc2g6][%mdl 512] White mates.} Qxg3 $4 {Checkmate is now unavoidable. Qd2 was best.} (84... Qd2 85. Rxd2 {[%cal Rc2g6]} Kxf7 86. Rd7+ Be7 87. Qc5 Re8 88. Qd6 Kg7 89. Rxe7+ Rxe7 90. Qxe7+) (84... Rxf7 85. Qxg6+) 85. Ng5 Rf5 86. Nxe6 $4 {Lost forced checkmate sequence. Qc8+ was best. Accuracy: White = 71%, Black = 69%.} (86. Qc8+ Bf8 87. Rg7+ Kxg7 88. Qd7+ Be7 89. Qxe7+ Kg8 90. Qe8+ Kg7 91. Nxe6+ Kh7) (86. Qc8+ $142 Bf8 {[#]} 87. Rg7+ $1 {[%mdl 576] Decoy, Clearance} Kxg7 88. Qd7+ Be7 89. Qxe7+ Kg8 90. Qe8+ {[%mdl 64] Double Attack} Kg7 91. Nxe6+ Kh7 92. Qe7+ Rf7 93. Qxf7+ Kh8 94. Qg7#) 1-0

[Event "Sharjah Master 2024"]
[Site "Shsrjah - Abu Dhabi"]
[Date "2024.05.14"]
[Round "1.13"]
[White "Sjugirov, Sanan"]
[Black "Kadric, Denis"]
[Result "1/2-1/2"]
[WhiteElo "2691"]
[BlackElo "2558"]
[PlyCount "122"]
[EventDate "2024.05.14"]
[EventCountry "UAE"]

{[%evp 9,122,11,12,20,14,7,10,2,3,-37,-35,-33,-32,-35,-31,-58,-51,-65,-14,-35,-35,-39,-30,-26,-27,-27,-27,-31,-28,-35,-3,-84,8,8,192,17,170,35,37,57,55,25,29,23,64,7,13,18,20,24,28,21,57,57,56,47,48,16,19,11,13,12,13,0,0,0,21,0,0,0,0,0,0,0,0,0,0,0,0,0,0,0,0,0,0,0,0,0,0,0,0,0,0,0,0,0,0,0,0,0,0,0,0,0,0,0,0,0,0,0,0,0,0,0,0]} 1. d4 d5 2. c4 dxc4 3. Nf3 e6 4. Qa4+ Nd7 5. e4 c5 $146 ({RR} 5... Ngf6 6. Nc3 c6 (6... c5 $11) 7. Qxc4 Be7 8. Be2 O-O 9. Bf4 Qa5 (9... a6 $14) 10. O-O a6 11. a3 c5 12. e5 Nb6 13. Qd3 (13. Qb3 $1 $18 Nfd7 14. dxc5 Qxc5 15. Rac1) 13... Nfd5 ({Better is} 13... c4 $1 $14 14. Qc2 Nfd5) 14. Ng5 {[%csl Gg5][%cal Rd3h7]} f5 (14... g6 {is a better defense.} 15. Bd2 Bxg5 16. Nxd5 Bxd2 17. Nf6+ Kg7) 15. exf6 $1 Nxf6 16. dxc5 Qxc5 17. Be3 Qc7 18. Rac1 Qd8 19. Qc2 h6 20. Nf3 {Bronstein,O (2441)-Pogoreltsev,A (1642) Acre ISR 2024 1-0 (41)}) 6. Bxc4 cxd4 7. O-O Bc5 8. Nbd2 {Threatening Nb3.} Ne7 9. e5 (9. b4 $5 {[%cal Rb4c5]} Bd6 10. Nxd4 $11) 9... Ng6 10. Bd3 O-O 11. Bxg6 hxg6 12. Ne4 b6 13. Bg5 Qe8 {And now ...Nxe5! would win.} 14. b4 Bb7 15. Rfe1 Be7 16. Bxe7 $1 Qxe7 17. Rad1 a5 18. Rxd4 Bd5 19. b5 Rfc8 20. Neg5 $6 {Inaccuracy. h4 was best.} (20. h4) (20. Qd1 $11 {keeps the balance.}) 20... Qc5 $2 {Mistake. Rc7 was best.} (20... Rc7 21. Rh4 Nf8 $1 22. Rf4 f6 23. Ne4 (23. exf6 $142 gxf6 24. Rd4) 23... f5 $1 24. Nd6 g5 $1 25. Rd4 Bxf3 $1 26. gxf3) (20... Rc7 $17) 21. Rh4 $11 Bc4 $2 {Mistake. Bxf3 was best.} (21... Bxf3 22. Qf4 {[%csl Gg5][%cal Rf4f7]} Nxe5 23. gxf3 Qb4 24. Qxb4 axb4 25. Rxe5 f6 26. Re2 b3 27. axb3) (21... Bxf3 $11 22. Qf4 Nxe5 23. gxf3 Qb4 24. Rxe5 (24. Qxb4 axb4 25. Rxe5 Rxa2 $14) 24... f6) 22. Nd2 $2 {Mistake. Rc1 was best.} (22. Rc1) (22. Rc1 $18 Bxb5 23. Rh8+ $1 {[%mdl 576] Decoy} (23. Rxc5 Bxa4 24. Rxc8+ Rxc8 $19) 23... Kxh8 24. Qh4+ Kg8 25. Rxc5 Rxc5 26. Qh7+ Kf8 27. h3) 22... Qe7 $2 {Mistake. Bd5 was best.} (22... Bd5 $1 23. h3 Nxe5 24. Rxe5 Qc1+ $1 25. Nf1 Bc4 26. Re1 $1 {[%cal Re1c1]} Qxe1 27. Rxc4 Rd8 28. Qc2) ({Not} 22... Nxe5 $2 23. Rxe5 $1 {[%mdl 512]} Bd5 (23... Qxe5 $2 {too greedy.} 24. Rh8+ {[%mdl 64] Deflection, Decoy} Kxh8 25. Nxf7+ {[%mdl 64] Double Attack} Kg8 26. Nxe5 $18) 24. Re1 $18) (22... Bd5 $1 $11) 23. Rxc4 $6 {Inaccuracy. Ndf3 was best.} (23. Ndf3 Qc5 24. Rc1 Bxb5 25. Rh8+ $1 Kxh8 26. Qh4+ Kg8 27. Rxc5 Rxc5 {[#]} 28. Qh7+ $1 Kf8) (23. Ndf3 $18 Qc5 24. h3) 23... Qxg5 $14 24. Nf3 Qe7 25. Rd1 Nc5 26. Qc2 Rd8 27. h3 ({White should try} 27. Rcd4 $14) 27... Rxd1+ 28. Qxd1 Rd8 29. Rd4 Rxd4 30. Qxd4 Qd7 31. Qxd7 Nxd7 {[%mdl 4096] Endgame KN-KN} 32. Kf1 f6 33. exf6 gxf6 {The position is equal.} 34. h4 Kf7 35. Ke2 f5 36. Kd3 Ke7 37. Ng5 Kd6 38. Kd4 e5+ 39. Kc4 Nf6 40. f3 Ke7 41. g3 Kd6 42. Nf7+ Ke6 43. Ng5+ Kd6 44. Nf7+ Ke6 45. Nh8 Nh5 {White must now prevent ...Kf6.} 46. Nxg6 Nxg3 47. Nf8+ Kd6 48. Nh7 e4 49. fxe4 fxe4 50. Nf6 e3 {Hoping for ...e2.} 51. Kd3 e2 52. Kd2 Kc5 53. h5 Nxh5 54. Nxh5 Kxb5 $11 {KN-K3P} 55. Nf4 Kb4 56. Nxe2 {KN-KPP} Ka3 $1 57. Nc3 {Strongly threatening Kc1.} b5 58. Nxb5+ Kxa2 59. Kc2 a4 60. Nc3+ Ka3 61. Nxa4 Kxa4 {Accuracy: White = 74%, Black = 82%.} 1/2-1/2

[Event "Sharjah Master 2024"]
[Site "Shsrjah - Abu Dhabi"]
[Date "2024.05.14"]
[Round "1.14"]
[White "Dudin, Gleb"]
[Black "Niemann, Hans Moke"]
[Result "0-1"]
[WhiteElo "2554"]
[BlackElo "2688"]
[PlyCount "118"]
[EventDate "2024.05.14"]
[EventCountry "UAE"]

{[%evp 9,118,19,22,16,15,12,25,14,35,31,30,28,38,39,43,32,30,28,49,34,33,19,21,21,56,24,33,20,82,62,77,46,51,48,59,25,42,41,39,39,41,45,40,39,49,51,86,55,159,142,180,166,200,142,149,58,64,41,44,12,16,9,4,3,1,0,0,0,0,0,0,0,0,0,0,0,-1,-1,0,0,0,0,0,0,0,0,0,0,0,0,0,0,0,-24,-23,-252,-252,-253,-253,-379,-324,-319,-307,-380,-374,-445,-445,-433,-430,-401,-398]} 1. d4 Nf6 2. Nf3 d5 3. c4 e6 4. g3 Bb4+ 5. Bd2 Be7 6. Bg2 Nbd7 7. O-O c6 8. Qc2 {White is slightly better.White has an edge.} Ne4 9. Ne1 $146 ({RR} 9. Nc3 Nxd2 10. Nxd2 O-O 11. e4 dxc4 12. Nxc4 Nb6 13. Nxb6 Qxb6 14. d5 cxd5 15. exd5 Bf6 16. dxe6 Bxe6 17. Nd5 {½-½ (17) Juhasz,K (2484)-Baumegger,S (2404) Austria AUT 2024}) ({RR} 9. Nc3 Nxd2 10. Nxd2 O-O 11. Rfd1 Rb8 12. e4 dxc4 13. Nxc4 b5 14. Ne3 c5 15. d5 Qb6 16. a4 a6 $1 17. a5 Qa7 18. Kh1 (18. b3 $11 {remains equal.}) (18. b3 $11) 18... c4 19. b3 Ne5 (19... Bf6 $17 20. Rab1 {[#]} b4 $1) (19... Bf6 $17 20. Rab1 b4) 20. bxc4 $1 bxc4 (20... Bc5 $1 $15) 21. Na4 $1 Bd7 22. Nb6 Bb5 23. Bf1 exd5 {Ayush,S (2311)-Sammed Jaykumar,S (2404) Nashik IND 2024 1-0 (43)}) ({RR} 9. Bf4 g5 10. Be3 h5 11. Nc3 f5 12. Rad1 h4 13. Nxe4 dxe4 14. Ne5 Nxe5 15. dxe5 Qc7 16. Bxe4 hxg3 17. hxg3 Bd7 $1 18. Bg2 c5 19. Qc3 O-O-O 20. Qa3 Kb8 (20... a6 $14) (20... a6 $1 $11 {keeps the balance.}) 21. Rd6 $1 Bxd6 22. exd6 Qxd6 23. Bxc5 Qa6 {Gusev,M (2157)-Yordanov,L (2299) Novi Sad SRB 2024 0-1 (38)}) (9. Rd1 {keeps more tension.} f5 10. Be3 O-O 11. Ne1 Ndf6 12. f3) 9... Nxd2 10. Nxd2 Nf6 11. Nd3 a5 12. e3 O-O 13. Rfc1 Bd6 14. b3 Qe7 15. c5 Bc7 16. Qc3 h5 17. h3 Nd7 18. f4 (18. e4 $11) 18... f6 (18... b6 $15 {keeps the upper hand.}) (18... b6 $11) 19. e4 $16 h4 20. g4 dxe4 21. Nxe4 f5 {[#]} (21... b6 $14) 22. gxf5 (22. Ng5 $1 $16) 22... Rxf5 23. Rf1 Nf6 24. Nxf6+ Rxf6 25. Ne5 Bd7 26. Be4 $36 {[%mdl 2048] White has good play. White has the initiative.} Be8 27. Qe3 Bh5 (27... Bxe5 $14 28. fxe5 Rxf1+ 29. Rxf1 Bh5) 28. Rf2 Raf8 $6 {Inaccuracy. Bxe5 was best.} (28... Bxe5 $1 29. dxe5 Rf7 $1 30. Kh2 Rd8 $1 31. Rc1 Qd7 $1 32. Rc4 g6 33. Rg2 Qd1 34. Qf2 (34. Rc1 $5 {[%cal Rc1d1]} Qd4 35. Qe1 $16 (35. Qxd4 Rxd4 36. Bxg6 Bxg6 $11))) (28... Bxe5 $142 $1 29. dxe5 Rf7) ({Better is} 28... Bxe5 $14 29. dxe5 Rf7) 29. Raf1 Kh8 30. Rg2 Rh6 (30... b6 $16) 31. a3 $6 {Inaccuracy. Kh2 was best.} (31. Kh2) 31... Qe8 {[#]} 32. Bd3 $6 {Inaccuracy. Qd3 was best.} (32. Qd3 Bxe5 33. dxe5 Rf7 34. Qc2 Qf8 (34... Rd7 $16 35. Kh1 Rd4) (34... Rd7 $16 35. Kh1 Rd4) 35. Qc1 Rd7 36. b4 axb4 37. axb4 g6) ({Better is} 32. Qd3 $1 $16) (32. Qd3 $1 $16) 32... Bxe5 $1 $14 33. Qxe5 {[%csl Gg2][%cal Re5g7]} Bg6 $1 34. Kh2 {Hoping for Rfg1. Black must now prevent Rfg1.} Qf7 35. Bc4 {aiming for f5. Hoping for f5.} Bf5 36. Rfg1 {[%cal Rg2g7]} Rh7 37. b4 axb4 38. axb4 Qf6 39. Re1 Rh6 40. b5 cxb5 (40... Rd8 {is interesting.} 41. Rd2 Qxe5 42. Rxe5 Rf6 43. b6 Kh7) 41. Bxb5 Rd8 42. Qxf6 (42. Rd2 {feels hotter.} Rg6 43. Qxf6 Rxf6 44. Be2 Be4 45. Bc4) 42... Rxf6 43. Rd2 Bg6 44. Rg1 Bh5 45. Rg5 Bf3 46. Be2 Bxe2 47. Rxe2 Rxd4 $11 {[%mdl 4096] Endgame KRR-KRR} 48. Rh5+ Kg8 49. Rxh4 Rc4 50. Re5 Kf7 51. Rh8 Rfxf4 {White must now prevent ...Rf3. And now ...Rf3 would win.} 52. Rb8 $4 {Blunder. Rd8 was best.} (52. Rd8 Rc2+) (52. Rd8 $15) (52. Rd8 $11 {and White is okay.}) 52... Rf2+ $19 53. Kg3 Rb2 {And now ...Rc3+ would win. Strongly threatening ...Rc3+.} 54. Rc8 $6 {Inaccuracy. Re3 was best.} (54. Re3 Rxc5 55. h4 Rcc2 56. Ra3 Ke7 57. Rg8 Rg2+ 58. Kf3 Rbf2+ 59. Ke3 Rf5) (54. Re3 {is a better defense.}) (54. Re3 {keeps fighting.}) 54... Rb3+ {Black has a decisive advantage.} 55. Kf2 Rxh3 56. Kg2 Rhc3 57. Rc7+ Kf6 58. Re2 Rxc5 59. Rxb7 Rc2 {Accuracy: White = 65%, Black = 77%. . Accuracy: White = 67%, Black = 81%.} 0-1